Central Library OPAC University of Rajshahi

The poetry of Llywarch Hen / (Record no. 62521)

MARC details
000 -LEADER
fixed length control field 00901nam a2200277 a 4500
001 - CONTROL NUMBER
control field 62521
003 - CONTROL NUMBER IDENTIFIER
rucl marc code BD-RjUL
005 - DATE AND TIME OF LATEST TRANSACTION
control field 20211209081108.0
008 - FIXED-LENGTH DATA ELEMENTS--GENERAL INFORMATION
fixed length control field 170124s1974 cau b 001 0 eng d
020 ## - INTERNATIONAL STANDARD BOOK NUMBER
International Standard Book Number 0520026012
035 ## - SYSTEM CONTROL NUMBER
System control number (BD-RjUL)62647
040 ## - CATALOGING SOURCE
Original cataloging agency DLC
Transcribing agency DLC
Modifying agency DLC
Language of cataloging eng
041 0# - LANGUAGE CODE
Language code of text/sound track or separate title engwel
082 00 - DEWEY DECIMAL CLASSIFICATION NUMBER
Classification number 891.6611
Author mark and year LLP 1974
100 0# - MAIN ENTRY--PERSONAL NAME
Personal name Llywarch Hen,
Dates associated with a name 496?-646?
9 (RLIN) 185867
245 04 - TITLE STATEMENT
Title The poetry of Llywarch Hen /
Statement of responsibility, etc. introd. text, and translation, Patrick K. Ford.
260 ## - PUBLICATION, DISTRIBUTION, ETC. (IMPRINT)
Place of publication, distribution, etc. Berkeley :
Name of publisher, distributor, etc. University of California Press,
Date of publication, distribution, etc. c1974.
300 ## - PHYSICAL DESCRIPTION
Pagination xvii, 145 p. ;
Size 23 cm.
500 ## - GENERAL NOTE
General note Text of poems in English and Welsh.
504 ## - BIBLIOGRAPHY, ETC. NOTE
Bibliography, etc Includes bibliographical references and index.
600 00 - SUBJECT ADDED ENTRY--PERSONAL NAME
Personal name Llywarch Hen,
Dates associated with a name 496?-646?
General subdivision Translations into English.
650 ## - SUBJECT ADDED ENTRY--TOPICAL TERM
Topical term or geographic name as entry element Welsh poetry
9 (RLIN) 186600
700 1# - ADDED ENTRY--PERSONAL NAME
Personal name Ford, Patrick K.
942 ## - ADDED ENTRY ELEMENTS (KOHA)
Source of classification or shelving scheme Dewey Decimal Classification
Koha item type Books
Holdings
Lost status Source of classification or shelving scheme Damaged status Not for loan Collection code Permanent Location Current Location Shelving location Date acquired Total Checkouts Full call number Date last seen Copy number Koha item type
  Dewey Decimal Classification   Not For Loan Non-fiction Central Library, University of Rajshahi Central Library, University of Rajshahi Reading Room 05/01/1994   891.6611 LLP 1974 24/01/2017 C-1 Books